1579 1087 1321 1674 1927 1737 1711 1924 1577 1322 1648 1659 1843 1591 1728 1224 1471 1038 1041 1778 1035 1872 1882 1259 1664 1088 1386 1707 1636 1396 1958 1671 1932 1221 1421 1941 1513 1203 1608 1854 1044 1582 1689 1659 1588 1688 1674 1975 1068 1579 1194 1946 1332 1102 1613 1211 1899 1087 1083 1912 1800 1215 1959 1079 1385 1516 1177 1287 1612 1450 1345 1882 1455 1831 1715 1208 1341 1989 1614 1326 1726 1579 1304 1413 1254 1140 1524 1843 1991 1517 1415 1219 1150 1055 1275 1764 1224 1904 1208 BCNSPRNW ULIB Ver.6.0+V

เปลี่ยนเป็นภาษาไทย

Change to English
 แสดงรายละเอียดบรรณานุกรม
  กลับหน้าหลัก

Brief Record : Get Marc (ISO 2709) : E-mail record : QR code < ปิดหน้าต่าง
LEADER : 00000nam 2200000uu 4500
001    13399112297
003     ULIB
008    110627s2549||||th 000 0 tha d
020    9789749916883
090    นว.^bม963ป 2549
100 0  ไมค์ เกล
245 00 ปีนี้ไม่อยากโสด/^cไมค์ เกล
250    พิมพ์ครั้งที่ 1
260    กรุงเทพฯ :^bแพรวสำนักพิมพ์,^c2549
300    358 หน้า
710 1  แพรวสำนักพิมพ์
945    ^p245^l0^i020300
995    ทศพร
999 ^a ใช้งานได้ทุกระบบ
รายการนี้ยังไม่มีแท็ก
คุณยังไม่ได้ล็อกอิน คุณสามารถมีกิจกรรมร่วมกับเว็บไซต์ได้ แต่ต้องล็อกอินก่อน ::
  ล็อกอิน

รายการสื่อสารสนเทศ

ลำดับที่ ประเภท เลขเรียก/บาร์โค้ด สถานที่ สถานะ
- ไม่พบข้อมูล -

BibComment


ยังไม่เคยถูกคอมเมนท์

คอมเมนท์ทรัพยากรรายการนี้
  คอมเมนท์: ปีนี้ไม่อยากโสด ไ..


 Copyright 2026. Bcnsprnw @Library